| 000 | 00661cam a2200229 a 4500 | ||
|---|---|---|---|
| 001 | 3823031 | ||
| 005 | 20180110073012.0 | ||
| 008 | 860221r19861981nyu b 001 0 eng c | ||
| 010 | _a 86005470 | ||
| 020 | _a089042019x | ||
| 040 |
_aDNLM/DLC _cDLC _dDLC |
||
| 041 | _aeng | ||
| 060 | _aWM 15 A5123d 1980 Suppl.3 1981a | ||
| 080 | _a616.89075 | ||
| 082 | 0 | 0 |
_a616.89075 SPI _219 |
| 100 | _a7 | ||
| 101 | _aNEU | ||
| 245 | 1 | 2 |
_aA psychiatrist's casebook : _cRobert L. Spitzer ... [et al.]. |
| 504 | _aIncludes bibliographical references and indexes. | ||
| 906 |
_a7 _bcbc _corignew _d1 _eocip _f19 _gy-gencatlg |
||
| 942 |
_2ddc _cBK |
||
| 999 |
_c39995 _d39995 |
||